Associa la capitale a suo fuso orario UTC - Statistics

Statistiche generali
  • Questo quiz è stato fatto 5 volte
  • Il punteggio medio è 7 su 25
Statistiche sulle risposte
Hint Risposta % Corretto
UTC+2 Atene
75%
UTC+1 Roma
75%
UTC+4 Abu Dhabi
50%
UTC+0 Londra
50%
UTC-5 Washington
50%
UTC-11 Apia
25%
UTC-3 Buenos Aires
25%
UTC-4 Caracas
25%
UTC-6 Città del Messico
25%
UTC+5 Islamabad
25%
UTC+4:30 Kabul
25%
UTC+3 Mosca
25%
UTC+13 Nukuʻalofa
25%
UTC+8 Pechino
25%
UTC+10 Port Moresby
25%
UTC-1 Praia
25%
UTC+3:30 Teheran
25%
UTC+9 Tokyo
25%
UTC+12 Wellington
25%
UTC+7 Bangkok
0%
UTC+6 Dacca
0%
UTC+11 Honiara
0%
UTC+5:45 Katmandu
0%
UTC+6:30 Naypyidaw
0%
UTC+5:30 Nuova Delhi
0%
Nessun quiz corrispondente trovato
Distribuzione punteggi
Percentuale di utenti per punteggio
Percentile per numero di risposta
I tuoi punteggi nel tempo
Non hai fatto questo quiz